[Event "Zagreb op"]
[Site "Zagreb"]
[Date "2006.01.19"]
[Round "6"]
[White "Martinus, Marian"]
[Black "Bozanic, Ivica"]
[Result "0-1"]
[WhiteElo "2069"]
[BlackElo "2239"]
[PlyCount "89"]
[EventDate "2006.01.14"]
[EventType "swiss"]
[EventRounds "9"]
[EventCountry "CRO"]
[SourceTitle "CBM 110 Extra"]
[Source "ChessBase"]
[SourceDate "2006.03.10"]
[SourceVersion "2"]
[SourceVersionDate "2006.03.10"]
[SourceQuality "1"]

1. d4 f5 2. g3 Nf6 3. Nf3 g6 4. Bg2 Bg7 5. 0-0 0-0 6. c4 d6 7. Nc3 Nc6 8. Rb1 e5 9. dxe5 dxe5 10. Be3 e4 11. Nd4 Ne5 12. h3 Qe7 13. Qb3 Qf7 14. c5 Nc4 15. Nc2 c6 16. Rfd1 Be6 17. Qa4 Nd5 18. Nxd5 Bxd5 19. Bd4 b5 20. Qa6 f4 21. g4 f3 22. exf3 exf3 23. Bf1 Ne5 24. Ne3 Bxa2 25. Ra1 Bb3 26. Rd2 Rad8 27. Bc3 Rxd2 28. Bxd2 Qd7 29. Bc3 Rf7 30. Qa3 Be6 31. Rd1 Qc8 32. Qa5 Rd7 33. Rd6 Rxd6 34. cxd6 Qd7 35. Qa3 h5 36. Qc5 Nf7 37. Bxg7 Kxg7 38. gxh5 Qxd6 39. Qc3+ Qe5 40. Qxc6 gxh5 41. Qxf3 Ng5 42. Qb7+ Kf6 43. Qxb5 Nxh3+ 44. Kg2 Qe4+ 45. Kh2 0-1